000 01017cam a2200289 a 4500
001 159
003 BR-CuiBMT
005 20231031230407.0
008 230822s2022 mgba 000 0 por d
020 _a9786555182873
040 _aBR-CuiBMT
_cBR-CuiBMT
080 _22007
_a342.9
090 _a342.9
_bG721
245 0 0 _aGoverno digital e a busca por inovação na administração pública :
_ba lei n° 14.129, de 29 de março de 2021 /
_cFabrício Motta, Vanice Regina Lírio do Valle, coordenadores ; prefácio, Juarez Freitas.
260 _aBelo Horizonte :
_bFórum,
_c2022.
300 _a242 p. :
_bil. ;
_c22 cm
504 _aInclui bibliografia.
650 _aInovação
_xAdministração pública
650 _aAdministração pública
_xGoverno digital
650 _aDireito administrativo
650 _aDireito constitucional
650 _aDireito público
650 _aDireito digital
700 1 _aMotta, Fabrício
_4coord.
700 1 _aValle, Vanice Regina Lírio do
_4coord.
942 _2udc
_cLV
999 _c159
_d159